000 00629nam a2200277Ia 4500
005 20260324124415.0
008 008 260324s9999 xx 000 0 eng d
020 _a9780080949581
037 _aEBOOK
040 _aCRL
040 _beng
040 _cCRL
041 _2eng
041 _aeng
084 _qCRL
100 _aPhil Griffiths
_91174033
245 0 _aJCT 2005: Clause by Clause
260 _bTaylor and Francis
260 _c2010
365 _a
365 _b400
856 _uhttp://www.taylorfrancis.com/books/9780080949581
942 _cEBOOK
999 _c1768377
_d1768377